| 000 | 00481nam a22001697a 4500 | ||
|---|---|---|---|
| 999 |
_c14729 _d14729 |
||
| 003 | AR-CdUCM | ||
| 008 | 190424b ||||| |||| 00| 0 spa d | ||
| 040 |
_aMUNICIPALIDAD PROVINCIAL DEL CUSCO _cBIBLIOTECA MUNICIPAL DEL CUSCO |
||
| 082 |
_a050 / _bC46 / 1985 |
||
| 245 | _aCentro informacao mulher / | ||
| 260 |
_aSao Paulo : _c1985. |
||
| 300 |
_a20 páginas ; _c23 cm. |
||
| 440 |
_aBoletím _n5 _933600 |
||
| 505 | _aIII encuentro feminista | ||
| 942 |
_2ddc _cPP |
||
| 945 | _awfj | ||